P. Gašpar: Priemyselný park je šanca pre ľudí zamestnať sa

Bibliographic Details
Main Author: (zur) (Author)
Format: Article
Language:Slovak
Subjects:

MARC

LEADER 00000nab a2200000 a 4500
001 vtls001012870
003 SK-MaSNL
005 20260303042225.0
008 040720e20040715xo 0 slo
035 |a RV13470 
040 |a RVGKPD  |b slo  |c RVGKPD  |e AACR2 
041 0 |a slo 
044 |a xo  |c SK 
080 |a 911.374.4  |2 1981 
100 0 |a (zur)  |4 aut  |9 872739 
245 1 0 |a P. Gašpar: Priemyselný park je šanca pre ľudí zamestnať sa 
650 0 7 |a parky priemyselno-technologické  |2 RVGKPD  |9 878150 
651 7 |a Brzotín (Slovensko)  |2 RVGKPD  |9 31127 
655 7 |a periodikum  |2 snkbucl  |9 29553 
773 0 8 |t Gemerský denník  |g Roč. 6, č.162, 15.7.2004, s. 1 
852 |a ZVYKNI  |b KIS3GCP 
999 |c 1691021  |d 1692951